| 000 | 00735nam a22002177a 4500 | ||
|---|---|---|---|
| 999 |
_c797 _d797 |
||
| 003 | AR-CdUCM | ||
| 008 | 190225b ||||| |||| 00| 0 spa d | ||
| 020 | _a9872136653 | ||
| 040 |
_aMUNICIPALIDAD PROVINCIAL DEL CUSCO _cBIBLIOTECA MUNICIPAL DEL CUSCO |
||
| 082 |
_a860 / _bA88 |
||
| 100 |
_aMunicipalidad de tres de febrero / _93024 |
||
| 245 |
_aDomingo Jose Martos : _bObras completas / |
||
| 260 |
_aArgentina : _c2006. |
||
| 300 |
_a371 paginas ; _c22 cm. |
||
| 505 | _aRamas hacia abajo --Hálito de muerte --Y después --Eternizado --Paisaje --La cuadrilla ... | ||
| 650 |
_aLiteratura Argentina _984 |
||
| 650 |
_aBiografía _922 |
||
| 650 |
_aLiteratura poética _93025 |
||
| 942 |
_2ddc _cLIBROS |
||
| 945 |
_arjall _d2019-02-25 |
||